000 00271nam a22001217a 4500
082 _a894.812.3
_bSAT/D
100 _aSATHEESAN
245 _aDHASAVATHARA KATHAKAL
260 _aTHRISSUR
_bH&C PUBLISHING HOUSE
300 _a71
650 _aSHORT STORY
_zKERALA
942 _cBK
999 _c1280
_d1280